Da prestaȧo de cauȧo

Detalles Bibliográficos
Autor principal: Leitao, Helder Martins
Formato: Desconocido
Lenguaje:portugués
Publicado: Porto : Almeida & Leitó, 2009
Edición:4 ed.
Materias:
Acceso en línea:Acceso restringido

MARC

LEADER 00000ny a22000003n 4500
005 20110617141454.0
008 090728s2008 po e 000 0 por d
020 |a 9789727491841 
035 |a 3254 
040 |a BUS  |d vLex 
090 |c 835  |d 835 
100 |a Leitao, Helder Martins 
245 1 0 |a Da prestaȧo de cauȧo  |h [Recurso electrn̤ico]  |c Helder Martins Leitao 
250 |a 4 ed. 
256 |a Servicio en ln̕ea 
260 |a Porto :  |b Almeida & Leitó,  |c 2009 
300 |a 280 p. ;  |c cm 
506 1 |a Contenido solo disponible en los productos indicados  |d vLex Global  |d vLex Global (Academic Edition, excluding Law Schools)  |d vLex Global (U.S. Academic Edition, Law Schools)  |d vLex Global (U.S. Academic Edition, excluding Law Schools)  |d vLex Global (Academic Edition, Law Schools) 
650 0 4 |a Garanta̕s (Derecho)  |z Portugal 
740 0 |a vLex Libros (Servicios en ln̕ea) 
856 4 0 |u http://vlex.com/source/3254  |z Acceso restringido 
942 |c BOOK